000 00309nam a22001337a 4500
020 _a81-8022-088-5
082 _a000
_bPRI/C
100 _aPRIORITY PUBLICATIONS
245 _aCOMMON NOUN
260 _aINDIA
_bPRIORITY PUBLICATIONS
300 _a12
650 _aMY LITTLE BOOKI OF GRAMMAR
_zINDIA
942 _cBK
999 _c4651
_d4651